Statistics for Stephen Rea Filmography

Click here to take the quiz!

General Stats

  • This quiz has been taken 4 times
    (3 since last reset)
  • The average score is 49 of 292

Answer Stats

TypeYearName% Correct
Film1992The Crying Game
100%
TV Film1995Citizen X
67%
Film1970Cry of the Banshee
67%
Film2002FeardotCom
67%
Film1994Interview with the Vampire
67%
Film1996Michael Collins
67%
Film1984The Company of Wolves
67%
Film2005V for Vendetta
67%
TV Mini-Series200810 Days to War
33%
TV Show19894 Play
33%
Film1995All Men Are Mortal
33%
Film1982Angel
33%
TV Show1964Angel Pavement
33%
Film1994Angie
33%
Documentary1973A Place Called Ardoyne
33%
TV Mini-Series2001Armadillo
33%
TV Show2001A Scare at Bedtime
33%
Film2014Asylum
33%
Film1993Bad Behaviour
33%
TV Show1977BBC2 Play of the Week
33%
TV Show1978BBC Play of the Month
33%
Film1995Between the Devil and the Deep Blue Sea
33%
Film2018Black '47
33%
Film2011Blackthorn
33%
Film2003Bloom
33%
TV Show1986Boon
33%
Film2005Breakfast on Pluto
33%
TV Mini-Series1980Caleb Williams
33%
Theater1969Captain Oates' Left Sock
33%
Film2009Child of the Dead End
33%
Theater1974-1976Comedians
33%
Film2004Control
33%
TV Film2002Copenhagen
33%
TV Show2018Counterpart
33%
Theater1971-1972Crete and Sargent Pepper
33%
TV Film1996Crime of the Century
33%
TV Show1967-1968Crossroads
33%
Theater2016, 2018Cyprus Avenue
33%
TV Show2015-2016Dickensian
33%
Film1997Double Tap
33%
Theater1973Drums in the Night
33%
TV Film1991Endgame
33%
Film2002Evelyn
33%
TV Mini-Series2009Father & Son
33%
Film1997Fever Pitch
33%
TV Show2016Fir Bolg
33%
TV Mini-Series2020Flesh and Blood
33%
Short Film2004Fluent Dysphasia
33%
TV Film1984Four Days in July
33%
Theater1973Freedom of the City
33%
Theater1974Geography of a Horse Dreamer
33%
Film2018Greta
33%
Film1999Guinevere
33%
Film1997Hacks
33%
Theater1974-1977, 1990-1991Hamlet
33%
TV Film2009Heidi 4 Paws
33%
TV Show2001-2002Horrible Histories
33%
Theater2003I Could Read the Sky
33%
Film1999I Could Read the Sky
33%
TV Show1975-1976I Didn't Know You Cared
33%
Film1999In Dreams
33%
TV Film1982Joyce in June
33%
Film2008Kisses
33%
TV Show2009Law & Order: Special Victims Unit
33%
Film1990Life Is Sweet
33%
Film1985Loose Connections
33%
TV Mini-Series1987Lost Belongings
33%
TV Show1984Minder
33%
Film2021Nightride
33%
Film2009Nothing Personal
33%
TV Show1990Not with a Bang
33%
Documentary Series1971Omnibus
33%
Film2009Ondine
33%
Film2001On the Edge
33%
Film2014Out of the Dark
33%
TV Show1993, 1995Performance
33%
TV Show1974, 1976, 1979Play for Today
33%
TV Show2001Podge and Rodge. A Scare at Bedtime
33%
Film1994Prêt-à-Porter
33%
Film1994Princess Caraboo
33%
Film2004Proud
33%
Theater1977Richard III Part II
33%
Film2005River Queen
33%
TV Film2011Roadkill
33%
Film2015Ruby Strangelove Young Witch
33%
TV Show1967Sanctuary
33%
Theater1973Sargent Musgraves
33%
TV Show1993Saturday Night Live
33%
TV Film1987Scout
33%
TV Show1986Screen Two
33%
Documentary2020Segredos do Putumayo
33%
Theater1967Shadow of a Gunman
33%
TV Show2010Single-Handed
33%
Film2006Sisters
33%
Film2006Sixty Six
33%
TV Film2001Snow in August
33%
TV Show1970Softly, Softly: Taskforce
33%
Film2009Spy(ies)
33%
Film2011Stella Days
33%
Film1998Still Crazy
33%
Film2007Stuck
33%
Film2014Styria
33%
Film2005Tara Road
33%
Film2013Tasting Menu
33%
TV Show2018Thanksgiving
33%
TV Film1978Thank You, Comrades
33%
Film1997The Break
33%
Film1997The Butcher Boy
33%
Film2004The Confessor
33%
Film2008The Devil's Mercy
33%
Theater1973The Duchess of Malfi
33%
Film1999The End of the Affair
33%
Web Series2022The English
33%
Theater1988The Father
33%
Film2004The Halo Effect
33%
TV Mini-Series2014The Honourable Woman
33%
TV Film1984The House
33%
Film2004The I Inside
33%
Short Film2000The King's Wake
33%
Film1996The Last of the High Kings
33%
Film1999The Life Before This
33%
Film2023The Miracle Club
33%
TV Show1972The Moonstone
33%
Film2001The Musketeer
33%
TV Show1978The Professionals
33%
Film2007The Reaping
33%
TV Show2011The Shadow Line
33%
Web Mini-Series2020The Stranger
33%
Theater1973The White Devil
33%
Film1998This Is My Father
33%
TV Show1974Thriller
33%
Film1996Trojan Eddie
33%
Film2012Underworld: Awakening
33%
Documentary2018Unquiet Graves
33%
Film2007Until Death
33%
TV Show2013Utopia
33%
TV Mini-Series2016War & Peace
33%
Film2012Werewolf: The Beast Among Us
33%
TV Show1969Z-Cars
33%
TV Show19752nd House
0%
Theater1990-1991Abingdon Square
0%
Theater1990-1991Accidental Death of an Anarchist
0%
Theater1970AC/DC
0%
Theater1990-1991After the Fall
0%
Theater2010Ages of the Moon
0%
Theater1970Antigone
0%
Theater1988Antony and Cleopatra
0%
Theater2014-2015A Particle of Dread (Oedipus Variations)
0%
Theater1988A Place with the Pigs
0%
Documentary Series1988, 2010Arena
0%
Theater1979Aristocrats
0%
Theater1996-1997Ashes to Ashes
0%
Theater1988A Small Family Business
0%
Theater1977Babel's Dancer
0%
Theater2014Ballyturk
0%
Theater1988Bartholomew Fair
0%
Theater1970Beckett 3
0%
Theater1977Bedroom Farce
0%
Theater1990-1991Bent
0%
Theater1990-1991Berenice
0%
Theater1977Blithe Spirit
0%
Theater1977Bow Down
0%
Theater1980Buried Child
0%
Theater1988Cat on a Hot Tin Roof
0%
Theater2005Celebration
0%
TV Film2007Celebration
0%
Theater1970Christie in Love
0%
Theater1970Come Together
0%
Theater1976-1977Counting the Ways
0%
Theater1988Countrymania
0%
Theater2004Cyrano de Bergerac
0%
Theater1990-1991Dancing at Lughnasa
0%
TV Mini-Series1975Days of Hope
0%
Theater1977Devil Is an Ass
0%
TV Documentary1996Divine Magic: The World of the Supernatural - Magic of the Mummies
0%
TV Documentary1996Divine Magic: The World of the Supernatural - Messengers of the Gods
0%
Theater1977Don Giovanni
0%
Theater1977Don Juan
0%
Theater1977Don Juan Comes Back from the War
0%
Theater1986Double Cross
0%
Theater1977East
0%
Theater1979Ecstasy
0%
Theater1974-1976Engaged
0%
Theater1988Entertaining Strangers
0%
Theater1974-1976Equus
0%
Theater1988Fanshen
0%
Theater1988Fathers and Sons
0%
Theater1977Four to One
0%
Theater1988Fuente Ovejuna
0%
Theater1974-1976Grand Manoeuvres
0%
Theater1967-1968Grouse Moor Image
0%
Theater1977Half-Life
0%
Theater1974-1976, 1977Happy Days
0%
Theater2009Harold Pinter: A Celebration
0%
Theater1974-1976Heartbreak House
0%
Theater1987High Society
0%
Theater1984High Time
0%
Theater1976-1977Il Campiello
0%
TV Mini-Series2007Imeacht Na N'larlaí
0%
Theater1974-1976John Gabriel Borkman
0%
Theater1974-1976, 1977Judgement
0%
Theater1977Julius Caesar
0%
Theater1977Jumpers
0%
Theater1977Kemp's Jig
0%
Theater2008Kicking a Dead Horse
0%
Theater1977Lavender Blue
0%
Theater1988Love Songs of World War III
0%
Documentary1995Lumière and Company
0%
Theater1988Making History
0%
Theater1990-1991Ma Rainey's Black Bottom
0%
Theater1977Measure for Measure
0%
Theater1983Miss Julie
0%
Theater1977Motocar
0%
Theater1988Mountain Language
0%
Theater1988Mrs Klein
0%
Theater1990-1991My Children, My Africa
0%
Theater1977Nas Palabras
0%
Music Video2018Nina Cried Power
0%
Theater1974-1976No Man's Land
0%
Theater1977Old Movies
0%
Film1978On a Paving Stone Mounted
0%
Theater1990-1991Once in a While the Odd Thing Happens
0%
Theater1971Pantagleize
0%
Theater1990-1991Peer Gynt
0%
Theater1974-1976Phaedra Brittanica
0%
Theater1990-1991Piano
0%
Theater1974-1976Plunder
0%
Theater1990-1991Racing Demon
0%
Theater1990-1991Richard III
0%
Theater1988Roots
0%
Theater1988Russell of the Times
0%
TV Film1991Saint Oscar
0%
TV Documentary1986Sam Thompson: Voice of Many Men
0%
Theater1988Secret Rapture
0%
Theater1977Sell-Out
0%
Theater1988Single Spies
0%
Theater1977Sir Gawain and the Green Knight
0%
Theater1977Sir Is Winning
0%
Theater1992-1993Someone Who'll Watch Over Me
0%
TV Show1973Stage 2
0%
Theater1977Strawberry Fields
0%
Theater1990-1991Sunday in the Park with George
0%
Theater1970Superman
0%
Theater1977Tales of the Vienna Woods
0%
Theater1976-1977Tamburlaine the Great
0%
Theater1990-1991Tartuffe
0%
Theater1990-1991Tectonic Plates
0%
Theater1990-1991The Beaux Stratagem
0%
Theater1980The Blue Macushla
0%
Theater1977The Camilla Ringbinder Show
0%
Theater1988The Changeling
0%
Theater1983The Communication Card
0%
Theater1977The Country Wife
0%
Theater1977The Fall of the House of Usher
0%
Theater1977The Force of Habit
0%
Theater1990-1991The Good Person of Sichuan
0%
Theater1977The Guardsman
0%
Theater1977The Hunchback of Notre Dame
0%
Theater1977The Lady from Maxim's
0%
Theater1977The Madras House
0%
Theater1977The Magic Drum
0%
Theater1988The Magic Olympical Games
0%
Theater1977The Metamorphosis
0%
Theater1974-1976The Misanthrope
0%
Theater1985The Murderers
0%
Theater1970The Pardoner's Tale
0%
Theater1977The Passion
0%
Theater1988The Pied Piper
0%
Theater1974-1977, 1984The Playboy of the Western World
0%
Theater1977The Plough and the Stars
0%
TV Show2007The Podge and Rodge Show
0%
Theater1984The Riot Act
0%
Theater1990-1991The School for Scandal
0%
Theater1990-1991The Shape of the Table
0%
Theater1988The Shaughraum
0%
Theater1988The Shaughraun
0%
Theater1977The State of Revolution
0%
Theater1988The Strangeness of Others
0%
Theater1988The Tempest
0%
Theater1990-1991The Trackers of Oxyrhynchus
0%
Theater1990-1991The Wind in the Willows
0%
Theater1988The Winter's Tale
0%
Theater1988Ting Tang Mine
0%
Theater1988'Tis Pity She's a Whore
0%
Theater1977To Those Born Later
0%
Theater1981Translations
0%
Theater1995Uncle Vanya
0%
FilmTBAVisitation
0%
Theater1977Volpone
0%
Theater1988Waiting for Godot
0%
Theater1990-1991Whale
0%
Theater1970Whitby Lifeboat Disaster
0%

Score Distribution

Percentile by Number Answered

Percent of People with Each Score

Your Score History

You have not taken this quiz since the last reset